| 000 | 00868nam a2200229 a 4500 | ||
|---|---|---|---|
| 001 | 57279 | ||
| 003 | BD-RjUL | ||
| 005 | 20211209080506.0 | ||
| 008 | 161207s1985 bg ||||| |||| 00| p ben d | ||
| 020 | _c: $. 4.00 | ||
| 035 | _a(BD-RjUL) 57403 | ||
| 040 |
_aBD-RjUL _bben _cBD-RjUL |
||
| 041 | _aben | ||
| 082 |
_223 _a891.44109 _bDAN 1985 |
||
| 100 |
_aদাশ, তুষার _9170079 |
||
| 245 | 1 | 0 |
_aনিঃশব্দ বজ্র : _bআহসান হাবীবের কবিতা / _cতুষার দাশ |
| 260 |
_aঢাকা : _bবাংলা একাডেমী, _c১৯৮৫ |
||
| 300 |
_a[১০], ১৩৫ পৃ ; _c২৩ সেমি. |
||
| 650 |
_aবাংলা কবিতা _xইতিহাস ও সমালোচনা _9170080 |
||
| 650 |
_aBengali Poetry _xHistory and criticism _9170081 |
||
| 942 |
_2ddc _cBK |
||
| 999 |
_c57279 _d57279 |
||